60 Second Blitz: 'ABC' Countries Quiz Stats

 Plays Quiz Updated Dec 6, 2018

Challenge
Share
Tweet
Embed
Score 0/44 Timer 01:00
24 Plays Today
% Correct
Canada
60.8%
Australia
56.8%
Albania
56%
China
54.4%
Argentina
53.2%
Brazil
52.2%
Algeria
51.9%
Austria
51.6%
Chile
51.5%
Belgium
47.9%
Armenia
43.7%
Afghanistan
43.4%
Bolivia
43%
Andorra
42.8%
Belize
42.5%
Angola
40.4%
Azerbaijan
40.3%
Chad
37.8%
Colombia
35.5%
Cameroon
35%
Cambodia
34.3%
Bahamas
33.3%
% Correct
Cuba
32%
Benin
31.4%
Bhutan
31.3%
Belarus
30.9%
Botswana
30.4%
Barbados
29.5%
Bahrain
28.8%
Bulgaria
28.5%
Croatia
28%
Antigua and Barbuda
26.1%
Brunei
25.1%
Bangladesh
23.4%
Burundi
23.4%
Czechia
22.9%
Comoros
22.5%
Costa Rica
19.1%
Cyprus
17.7%
Bosnia and Herzegovina
16.4%
Burkina Faso
15.8%
Central African Republic
15.7%
Cabo Verde
11.3%
Cote d'Ivoire
8.5%

You're not logged in!

Compare scores with friends on all Sporcle quizzes.
OR
Log In

You Might Also Like...

Show Comments

Extras

Top Quizzes Today


Score Distribution

Your Account Isn't Verified!

In order to create a playlist on Sporcle, you need to verify the email address you used during registration. Go to your Sporcle Settings to finish the process.

Report this User

Report this user for behavior that violates our Community Guidelines.

Details: